| 000 | 01317cmm a22002897a 4500 | ||
|---|---|---|---|
| 001 | 12555790 | ||
| 003 | PILC | ||
| 005 | 20150526105103.0 | ||
| 007 | co ||||||||||| | ||
| 008 | 011004s2001 wau b eng | ||
| 010 | _a 2001562690 | ||
| 040 |
_aDLC _cDLC |
||
| 050 | 0 | 0 |
_aQA 76.9.D3 _b.M183 2001 |
| 100 | _aMadrid, Evangeline W. | ||
| 130 | 0 | _aVisual FoxPro for Windows | |
| 245 | 1 | 0 |
_aVisual FoxPro : _bfor beginners / _cEvangeline W. Madrid, Andrea Alam-Zipagan. |
| 246 | 3 | 0 | _aVisual FoxPro |
| 260 |
_aMandaluyong City : _bHyperbit COmputer System, _c2001. |
||
| 300 |
_a147 pages : _billustrations, _c28 cm. |
||
| 500 | _aIncludes bibliographical references. | ||
| 520 | _aVisual FoxPro is the object-oriented database management system that gives the user speed, power, flexibility, and provides object and event models that help the user create and modify application faster, create automation servers that can be deployed locally or remotely. | ||
| 538 | _aSystem requirements: Pentium-class processor; Windows 98/NT 4.0 with Service Pack 6 or later, Windows 2000 with Service Pack 1 or later operating system. | ||
| 650 | 0 |
_aDatabase management _xSoftware. |
|
| 906 |
_a7 _bcbc _corignew _d2 _encip _f20 _gy-gencompf |
||
| 942 |
_2lcc _cBK _kLOC |
||
| 999 |
_c284372 _d284372 |
||